Complex systems of charged particles and their interaction with electromagnetic radiation (Запись № 9584019)

Подробности
000 -МАРКЕР
контрольное поле 01520nam0a2200313 4500
001 - ИДЕНТИФИКАТОР ЗАПИСИ
контрольное поле RU\NLR\BIBL_A\010362910
005 - ИДЕНТИФИКАТОР ВЕРСИИ
контрольное поле 20250614042836.0
021 ## - НОМЕР ГОСУДАРСТВЕННОЙ РЕГИСТРАЦИИ
Код страны Российская Федерация
Номер 2014-28562
Номер Листа государственной регистраци 1761
035 ## - ДРУГИЕ СИСТЕМНЫЕ НОМЕРА
Идентификатор записи (NLR Aleph) 010362910
100 ## - ДАННЫЕ ОБЩЕЙ ОБРАБОТКИ
Данные общей обработки 20140530d2014 |||y0rusy50 ca
101 0# - ЯЗЫК РЕСУРСА
Язык текста, звукозаписи и т.д. английский
102 ## - СТРАНА ПУБЛИКАЦИИ ИЛИ ПРОИЗВОДСТВА
Страна публикации Российская Федерация
105 ## - ПОЛЕ КОДИРОВАННЫХ ДАННЫХ: ТЕКСТОВЫЕ МАТЕРИАЛЫ, МОНОГРАФИЧЕСКИЕ
Кодированные данные о монографическом текстовом документе a|||z|||100yy
200 1# - ЗАГЛАВИЕ И СВЕДЕНИЯ ОБ ОТВЕТСТВЕННОСТИ
Основное заглавие Complex systems of charged particles and their interaction with electromagnetic radiation
Сведения, относящиеся к заглавию 12th Workshop, April 10-11, 2014, Russian academy of sciences, Moscow, Russia
-- [abstracts]
210 ## - ПУБЛИКАЦИЯ, РАСПРОСТРАНЕНИЕ И ДР.
Место издания, распространения и т.д. [Moscow
Имя издателя, распространителя и т. д. s.n.]
Дата издания, распространения и т.д. 2014
215 ## - ФИЗИЧЕСКАЯ ХАРАКТЕРИСТИКА
Специфическое обозначение материала и объем 41 с.
Другие сведения о физической характеристике ил.
Размеры 24
313 ## - ПРИМЕЧАНИЯ, ОТНОСЯЩИЕСЯ К ТЕМАТИЧЕСКОМУ ДОСТУПУ
Текст примечания Пред. конф. 2013г.
320 ## - ПРИМЕЧАНИЯ О НАЛИЧИИ В ДОКУМЕНТЕ БИБЛИОГРАФИИ / УКАЗАТЕЛЯ
Текст примечания Библиогр. в конце ст.
606 1# - НАИМЕНОВАНИЕ ТЕМЫ КАК ПРЕДМЕТ
Наименование темы Плазма
Формальный подзаголовок Съезды, совещания и т.п
Системный номер авторитетной/нормативной записи 2173395
Идентификатор авторитетной/нормативной записи RU\NLR\AUTH\661307261
606 1# - НАИМЕНОВАНИЕ ТЕМЫ КАК ПРЕДМЕТ
Наименование темы Заряженные частицы
Формальный подзаголовок Съезды, совещания и т.п
Тематический подзаголовок Взаимодействие с элекромагнитным полем
Системный номер авторитетной/нормативной записи 2116338
Идентификатор авторитетной/нормативной записи RU\NLR\AUTH\661581997
686 1# - ИНДЕКСЫ ДРУГИХ КЛАССИФИКАЦИЙ
Индекс В338я431(0)
686 1# - ИНДЕКСЫ ДРУГИХ КЛАССИФИКАЦИЙ
Индекс В333я431(0)
711 12 - НАИМЕНОВАНИЕ ОРГАНИЗАЦИИ - АЛЬТЕРНАТИВНАЯ ОТВЕТСТВЕННОСТЬ
Графика поля Латинская
Материалы, к которым относится поле eng
Начальный элемент ввода Workshop on complex systems of charged particles and their interaction with electromagnetic radiation
Порядковый номер временной организации и / или порядковый номер ее части 12
Место проведения временной организации Moscow
Дата проведения временной организации 2014
Системный номер авторитетной/нормативной записи 409956
Идентификатор авторитетной/нормативной записи RU\NLR\AUTH\880371717
830 ## - ОБЩЕЕ ПРИМЕЧАНИЕ, СОСТАВЛЕННОЕ КАТАЛОГИЗАТОРОМ
Текст примечания Сложные системы заряженных частиц и их взаимодействие с электромагнитным излучением.
942 ## - ДОПОЛНИТЕЛЬНЫЕ ЭЛЕМЕНТЫ ЗАПИСИ (АБИС)
Тип экземпляра АБИС Книга
980 ## - КОЛЛЕКЦИЯ
Название коллекции Национальная библиография
Экземпляры
Тип экземпляра Дата поступления Источник поступления Библиотека постоянного хранения Библиотека текущего хранения Место хранения Шифр хранения Штрих-код Статус экземпляра
Книга 30.05.2014 Обязательный экземпляр РНБ (Московский) РНБ (Московский) Иностранный книжный фонд Ик 2014-7/1008 1-535597